Central Library OPAC University of Rajshahi

Elementary number theory / (Record no. 7118)

MARC details
000 -LEADER
fixed length control field 00873cam a22002771 4500
001 - CONTROL NUMBER
control field 7118
003 - CONTROL NUMBER IDENTIFIER
rucl marc code BD-RjUL
005 - DATE AND TIME OF LATEST TRANSACTION
control field 20211208234352.0
008 - FIXED-LENGTH DATA ELEMENTS--GENERAL INFORMATION
fixed length control field 130114s1939 nyua 001 0 eng
035 ## - SYSTEM CONTROL NUMBER
System control number (BD-RjUL)7160
040 ## - CATALOGING SOURCE
Original cataloging agency DLC/ICU
Transcribing agency ICU
Modifying agency DLC
-- BD-RjUL
Language of cataloging eng
041 ## - LANGUAGE CODE
Language code of text/sound track or separate title eng
051 ## - LIBRARY OF CONGRESS COPY, ISSUE, OFFPRINT STATEMENT
Classification number QA241
Item number .U7 Copy 2
Copy information Copy 2.
082 00 - DEWEY DECIMAL CLASSIFICATION NUMBER
Classification number 512.81
Author mark and year USE
100 1# - MAIN ENTRY--PERSONAL NAME
Personal name Uspensky, J. V.
Fuller form of name (James Victor),
Dates associated with a name 1883-
9 (RLIN) 22287
245 10 - TITLE STATEMENT
Title Elementary number theory /
Statement of responsibility, etc. by J.V. Uspensky ... and M.A. Heaslet ...
250 ## - EDITION STATEMENT
Edition statement 1st ed.
260 ## - PUBLICATION, DISTRIBUTION, ETC. (IMPRINT)
Place of publication, distribution, etc. New York ;
-- London :
Name of publisher, distributor, etc. McGraw-Hill book company, inc.,
Date of publication, distribution, etc. c1939.
300 ## - PHYSICAL DESCRIPTION
Pagination x, 484 p. :
Size 21 cm.
Illustrations tables, diagrs ;
504 ## - BIBLIOGRAPHY, ETC. NOTE
Bibliography, etc Includes index.
650 #0 - SUBJECT ADDED ENTRY--TOPICAL TERM
Topical term or geographic name as entry element Number theory.
9 (RLIN) 22288
700 1# - ADDED ENTRY--PERSONAL NAME
Personal name Heaslet, M. A.
Fuller form of name (Maxwell Alfred),
Dates associated with a name 1907-
Relator term joint author.
942 ## - ADDED ENTRY ELEMENTS (KOHA)
Source of classification or shelving scheme Dewey Decimal Classification
Koha item type Books
Holdings
Lost status Source of classification or shelving scheme Damaged status Not for loan Collection code Permanent Location Current Location Shelving location Date acquired Source of acquisition Cost, normal purchase price Total Checkouts Full call number Date last seen Copy number Koha item type
  Dewey Decimal Classification   Not For Loan Non-fiction Central Library, University of Rajshahi Central Library, University of Rajshahi   11/03/1963 Zitlinger 60.00   512.81 USE 1939 13/01/2014 C-1 Books